000
00312nam a22001337a 4500
999
_c
154538
_d
154538
082
_a
_b
100
_a
Chapman J.L
100
_a
Reiss M.J
245
_a
Ecology principles and applications/
_c
by Chapman J.L and Reiss M.J.
260
_a
_b
Cambridge,
_c
1995.
300
_a
294p.
650
_a
942
_c
BK